1180 1922 1532 1601 1132 1141 1318 1584 1006 1378 1537 1970 1985 1093 1397 1032 1221 1489 1799 1299 1259 1392 1177 1395 1143 1923 1269 1239 1488 1213 1309 1462 1199 1282 1041 1931 1022 1878 1297 1382 1044 1121 1198 1567 1692 1571 1025 1531 1985 1224 1395 1325 1477 1616 1475 1215 1304 1834 1696 1188 1180 1389 1792 1431 1734 1802 1811 1546 1330 1061 1160 1325 1613 1968 1559 1697 1914 1946 1005 1482 1032 1868 1412 1129 1575 1548 1468 1200 1030 1388 1322 1328 1170 1943 1651 1916 1709 1526 1195 BCNSPRNW ULIB Ver.6.0+V

เปลี่ยนเป็นภาษาไทย

Change to English
 แสดงรายละเอียดบรรณานุกรม
  กลับหน้าหลัก

Brief Record : Get Marc (ISO 2709) : E-mail record : QR code < ปิดหน้าต่าง
LEADER : 00000nam 2200000uu 4500
001    13399121753
003     ULIB
008    020711s2555 th a 000 0 tha d
020    9786160002962
090    นว.^bณ429ธ
100    ณารา
245    ธาดากุสุมา^cณารา
250    พิมพ์ครั้งที่ 2
260    กรุงเทพฯ :^bพิมพ์คำ,^c2555
300    502 หน้า
945    ^p300^l0^i033168
995    เกษร
999    ^aใช้งานได้ทุกระบบ
รายการนี้ยังไม่มีแท็ก
คุณยังไม่ได้ล็อกอิน คุณสามารถมีกิจกรรมร่วมกับเว็บไซต์ได้ แต่ต้องล็อกอินก่อน ::
  ล็อกอิน

รายการสื่อสารสนเทศ

ลำดับที่ ประเภท เลขเรียก/บาร์โค้ด สถานที่ สถานะ
1. นวนิยาย
นวนิยาย
นว. ณ429ธ  
  Barcode: 033168
ห้องสมุดวิทยาเขตสวรรค์ประชารักษ์
►นวนิยาย
บนชั้น
  ขอยืม

รายการใกล้เคียง
    ผู้แต่ง [ณารา]

BibComment


ยังไม่เคยถูกคอมเมนท์

คอมเมนท์ทรัพยากรรายการนี้
  คอมเมนท์: ธาดากุสุมา ณารา


 Copyright 2026. Bcnsprnw @Library